<?xml version="1.0" encoding="UTF-8"?>
<marc:record xmlns:marc="http://www.loc.gov/MARC21/slim">
   <marc:leader>00000nam a2200000 a 4500</marc:leader>
   <marc:datafield ind1="0" ind2="0" tag="245">
      <marc:subfield code="a">Quo Vadis, Aida?</marc:subfield>
   </marc:datafield>
   <marc:datafield ind1=" " ind2="1" tag="264">
      <marc:subfield code="a">Nortorf</marc:subfield>
      <marc:subfield code="b">Lighthouse Home Entertainment</marc:subfield>
      <marc:subfield code="c">2021</marc:subfield>
   </marc:datafield>
   <marc:datafield ind1="1" ind2=" " tag="490">
      <marc:subfield code="a">2</marc:subfield>
   </marc:datafield>
   <marc:datafield ind1="1" ind2=" " tag="520">
      <marc:subfield code="a">Bosnien, Juli 1995. Aida ist Übersetzerin für die UN in der Kleinstadt Srebrenica. Als die serbische Armee die Stadt einnimmt, gehört ihre Familie zu den Tausenden von Menschen, die im UN-Lager Schutz suchen. Als Dolmetscherin in den Verhandlungen hat Aida Zugang zu entscheidenden Informationen. Sie versucht dabei, Lügen und Wahrheiten auseinanderzuhalten, um herauszufinden, wie sie ihre Familie und ihre Mitbürger*innen retten könnte.</marc:subfield>
   </marc:datafield>
   <marc:datafield ind1=" " ind2=" " tag="020">
      <marc:subfield code="a">4250128439510</marc:subfield>
      <marc:subfield code="9">4250128439510</marc:subfield>
   </marc:datafield>
   <marc:datafield ind1="0" ind2=" " tag="490">
      <marc:subfield code="v">0</marc:subfield>
   </marc:datafield>
   <marc:datafield ind1=" " ind2=" " tag="300">
      <marc:subfield code="a">ca. 99 Min.</marc:subfield>
   </marc:datafield>
</marc:record>
